| 000 | 00665nam a2200217 a 4500 | ||
|---|---|---|---|
| 999 |
_c3105 _d3105 |
||
| 001 | 3105 | ||
| 003 | BD-JhCC | ||
| 005 | 20171114125444.0 | ||
| 008 | 171109s1977 bg |||| ||a| 000 0 ben d | ||
| 035 | _a(BD-JhCC)3105 | ||
| 040 |
_aBD-JhCC _dBD-JhCC |
||
| 041 | _aben | ||
| 082 |
_a822.33 _bANT 1977 |
||
| 245 |
_aএ্যান্টিগনি (সফোক্লিস) / _cআবদার রশীদ (সম্পা) |
||
| 260 |
_aঢাকা : _bমুক্তধারা প্রকাশনী, _c1977 |
||
| 300 |
_a63 p. : _c24 cm. |
||
| 650 | _aEnglish Drama | ||
| 700 | _aরশীদ, আবদার | ||
| 942 |
_2ddc _cBK |
||